000 01378cam a22003971 4500
001 data
005 20260322212119.0
008 data
035 _a8703520
906 _a7
_bcbc
_coclcrpl
_du
_encip
_f19
_gy-gencatlg
010 _a 13025386
035 _9(DLC) 13025386
035 _a(OCoLC)3029605
040 _aDLC
_cCCC
_dDLC
_dDLC
050 0 0 _aZ733.C526
_bE
110 2 _aNewberry Library.
245 1 0 _aDescriptive account of the collection of Chinese, Tibetan, Mongol, and Japanese books in the Newberry Library,
_cby Berthold Laufer, PH. D.
260 _aChicago, Ill.,
_bNewberry Library
_c[1913]
300 _aix, 42 p.
_bfront., facsims. (1 fold.)
_c23 cm.
336 _atext
_btxt
_2rdacontent
337 _aunmediated
_bn
_2rdamedia
338 _avolume
_bnc
_2rdacarrier
490 0 _aPublications of the Newberry Library,
_vno. 4
500 _aOn cover: East Asiatic collection.
650 0 _aChinese literature.
650 0 _aTibetan literature.
650 0 _aMongolian literature.
650 0 _aManchu literature.
650 0 _aJapanese literature.
700 1 _aLaufer, Berthold,
_d1874-1934.
740 0 _aEast Asiatic collection.
985 _eOCLC REPLACEMENT
991 _bc-GenColl
_hZ733.C526
_iE
_tCopy 1
_wOCLCREP
991 _bc-GenColl
_hZ733.C526
_iE
_p00009785218
_tCopy 3
_wCCF
999 _c1805
_d1805